000 01122nam a2200229Ia 4500
001 L220-4521
003 IT-CnALBA
008 170116s9999||||xx |||||||||||||| ||und||
040 _aIT-CnALBA
_cIT-CnALBA
041 _aITALIANO
100 _aLIPPERT PETER, CSSR.
245 0 _aLA CHIESA, UNA MINORANZA SENZA SPERANZA?
250 _a1a ed.
260 _aCINISELLO BALSAMO (MI)
_bEDIZIONI PAOLINE
_c1971 [1° Ed.:1971 - Ed.Ling.Originale: 1969]
300 _a116 p. (prefazione: 716)
500 _aTRADUZIONE DAL TEDESCO DI FRANCO MANCI. DISPERSIONE DI ISRAELE. DESTINO E MESSAGGIO. CHIESA DIASPORA. MESSAGGIO DEL NUOVO TESTAMENTO. VITA DI DIASPORA. MANDATO BIBLICO. CHIESA ATTUALE COME DIASPORA.
501 _aSocietà San Paolo EM - Piazza San Paolo, 14 - 12051 ALBA (CN) (non commercial uses only) ® Copyright 2017
520 _aTRADUZIONE DAL TEDESCO DI FRANCO MANCI. DISPERSIONE DI ISRAELE. DESTINO E MESSAGGIO. CHIESA DIASPORA. MESSAGGIO DEL NUOVO TESTAMENTO. VITA DI DIASPORA. MANDATO BIBLICO. CHIESA ATTUALE COME DIASPORA.
650 _aBIBBIA - TESTI E COMMENTI
942 _cBK
957 _71
999 _a5498
_bNO
_g Copie: 1
_c263706
_d263706